Doctrinas psicoanaliticas : exposición y valoración crítica /
Guardado en:
| Autor Principal: | |
|---|---|
| Formato: | Libro |
| Publicado: |
Buenos Aires :
Kapelusz,
1963
|
| Etiquetas: |
Agregar Etiqueta
Sin Etiquetas, Sea el primero en etiquetar este registro!
|
| LEADER | 00592nam a22001575a 4500 | ||
|---|---|---|---|
| 001 | CEM.cems004429 | ||
| 005 | 20060216000000.0 | ||
| 008 | 130507s1963##################000#0#####d | ||
| 003 | CEMS | ||
| 082 | 0 | 4 | |a 131.34 |
| 100 | 1 | |a Mira Y López, Emilio | |
| 245 | 1 | 0 | |a Doctrinas psicoanaliticas : |b exposición y valoración crítica / |
| 260 | |a Buenos Aires : |b Kapelusz, |c 1963 | ||
| 300 | |a 158 p. | ||
| 505 | 0 | |a mo disidente; El neoanalísis de la escuela de Washington; La teoria reacto-objetal de la personalidad; el psiscoanalísis existencial. | |
| 859 | |a CEMS |b BIB. CEMS - 11 de abril |h 131.34 |i M67 |p 2031.74 |t Ej.1 | ||
